[Event "Ogolnopolska Olimpiada Mlodziezy D-12"]
[Site "Spala"]
[Date "1899-12-30"]
[Round "7.14"]
[White "Kawecka, Malgorzata"]
[Black "Budkiewicz, Magdalena"]
[Result "0-1"]
[WhiteTitle "II+"]
[BlackTitle "II+"]
[WhiteElo "1238"]
[BlackElo "1280"]

1. e4 c5 2. Nf3 e6 3. d4 cxd4 4. Nxd4 a6 5. Bd3 Bc5 6. Nb3 Ba7 7. O-O b5 8. a3
Bb7 9. Nc3 Ne7 10. Bf4 O-O 11. e5 Nbc6 12. Re1 Qc7 13. Qd2 Ng6 14. Bxg6 fxg6 15.
Bg3 Ne7 16. Nd4 Nf5 17. Nxf5 gxf5 18. Rad1 Qc6 19. Nd5 Qxd5 20. Qxd5 Bxd5 21.
Bf4 Rac8 22. c3 a5 23. Rd3 Rc4 24. Bd2 Rg4 25. g3 f4 26. b3 fxg3 27. Re2 gxh2+
28. Kxh2 Rg2+ 29. Kh3 Rgxf2 30. Rxf2 Rxf2 31. Be1 Rf3+ 32. Rxf3 Bxf3 33. c4 bxc4
34. bxc4 a4 35. Bb4 Bd4 36. Bd6 Be2 37. c5 Bb2 38. c6 dxc6 39. Kg3 Bc1 40. Kf2
Bh5 41. Ke1 Kf7 42. Kf2 Kg6 43. Kg3 Kf5 44. Kf2 Bf4 45. Ke1 Bxe5 46. Bxe5 Kxe5
47. Kd2 Be8 48. Ke3 c5 49. Kd3 h5 50. Ke3 h4 51. Kf2 c4 52. Ke2 h3 53. Kf2 c3
54. Kg3 c2 55. Kxh3 c1=Q 56. Kg3 Qf1 57. Kg4 Bb5 58. Kg3 Ke4 59. Kh2 Qf4+ 60.
Kh3 Qg5 61. Kh2 Kf3 62. Kh1 Qg2# 0-1

[Event "Ogolnopolska Olimpiada Mlodziezy D-12"]
[Site "Spala"]
[Date "1899-12-30"]
[Round "7.15"]
[White "Skiba, Aleksandra"]
[Black "Pyzio, Amelia"]
[Result "0-1"]
[WhiteTitle "II"]
[BlackTitle "II+"]
[WhiteElo "1214"]
[BlackElo "1346"]

1. d4 e6 2. c4 f5 3. Nc3 Nf6 4. Nf3 Bb4 5. a3 Bxc3+ 6. bxc3 O-O 7. Bg5 b6 8. e3
Bb7 9. Bd3 Qe8 10. Bf4 d6 11. O-O Nbd7 12. Rb1 e5 13. dxe5 dxe5 14. c5 exf4 15.
Bc4+ Kh8 16. exf4 Bxf3 17. Qxf3 Nxc5 18. Rfe1 Qa4 19. Rb4 Qxa3 20. h3 Nce4 21.
Qd3 Qxc3 22. Qxc3 Nxc3 23. f3 Ncd5 24. Rb2 Rae8 25. Re5 Nxf4 26. Rxe8 Rxe8 27.
Kf2 Nd7 28. Bb5 c6 29. Bc4 Ne5 30. Rc2 Nxc4 31. Rxc4 Nd3+ 32. Kg3 Nc5 33. Rd4
a5 34. Rd1 a4 35. Kf4 a3 36. Ra1 Ra8 37. Ra2 Nb3 38. Ke3 Nc1 39. Ra1 a2 40. Rxc1
a1=Q 41. Rxa1 Rxa1 42. g4 fxg4 43. hxg4 Rc1 44. Kd2 Rc5 45. Kd3 b5 46. Kd4 b4
47. Kxc5 b3 48. Kxc6 b2 49. Kd5 b1=Q 50. Kd4 h5 51. gxh5 Qe1 52. f4 Qh4 53. h6
Qxf4+ 54. Kd3 gxh6 55. Kc3 h5 56. Kc2 Qe3 57. Kb1 Qe2 58. Ka1 h4 59. Kb1 h3 60.
Kc1 h2 0-1

[Event "Ogolnopolska Olimpiada Mlodziezy D-12"]
[Site "Spala"]
[Date "1899-12-30"]
[Round "7.16"]
[White "Wagner, Klaudia"]
[Black "Hryn, Aleksandra"]
[Result "1/2-1/2"]
[WhiteTitle "II"]
[BlackTitle "II+"]
[WhiteElo "1271"]
[BlackElo "1277"]

1. d4 d5 2. c4 e6 3. cxd5 exd5 4. Nc3 Nf6 5. Bg5 c6 6. Qc2 Be7 7. e3 O-O 8. Bd3
Nbd7 9. Nge2 Re8 10. O-O Nf8 11. Rac1 g6 12. Na4 Ne6 13. Bh4 Bd7 14. Nac3 Rc8
15. Qb3 b5 16. Qc2 a5 17. a3 Qb6 18. Na2 Ng7 19. Qc3 Nf5 20. Bxf6 Bxf6 21. Qc5
Qxc5 22. Rxc5 Be7 23. Rc3 Bd6 24. Rfc1 Ng7 25. Kh1 Ra8 26. Bb1 f5 27. Rd1 Re7
28. Nac1 Ne8 29. Nd3 Nf6 30. Nc5 Bxc5 31. Rxc5 Ne4 32. Bxe4 fxe4 33. Rc3 Rf7 34.
Kg1 Raf8 35. Rf1 Bg4 36. Rc2 Bxe2 37. Rxe2 Rc7 38. Rc2 Rfc8 39. Rc5 Kf7 40. Rfc1
Ke6 41. Kf1 Kf6 42. Kg1 h6 43. Rf1 Ke6 44. f3 exf3 45. Rxf3 Rf7 46. Rxf7 Kxf7
47. Kf2 Kf6 48. Kf3 Ke6 1/2-1/2

[Event "Ogolnopolska Olimpiada Mlodziezy D-12"]
[Site "Spala"]
[Date "1899-12-30"]
[Round "7.17"]
[White "Mytych, Wiktoria"]
[Black "Lukaszewska, Magdalena"]
[Result "1/2-1/2"]
[WhiteTitle "II"]
[BlackTitle "II"]
[WhiteElo "1109"]
[BlackElo "1190"]

1. e4 c5 2. c3 d5 3. exd5 Qxd5 4. d4 Nc6 5. Be3 cxd4 6. cxd4 e6 7. a3 Nf6 8. Nf3
Be7 9. Nbd2 O-O 10. Bc4 Qa5 11. O-O Qc7 12. Re1 b6 13. Nb3 Bb7 14. Rc1 Rac8 15.
Qd2 Qd8 16. Bb5 a5 17. Qe2 Qd5 18. Bc4 Qd6 19. Red1 Na7 20. Ba6 Bxf3 21. Qxf3
Rxc1 22. Rxc1 Qd5 23. Qxd5 Nxd5 24. Bb7 Nxe3 25. fxe3 Bd6 26. Nd2 Rb8 27. Bf3
Rc8 28. Rxc8+ Nxc8 29. Nc4 Kf8 30. Bb7 b5 31. Nxa5 Nb6 32. Bc6 Na4 33. Bxb5 Nxb2
34. a4 f5 35. Nc4 Nxc4 36. Bxc4 Ke7 37. g3 Bb4 38. Kf2 Kd6 39. Bb5 e5 40. dxe5+
Kxe5 41. Kf3 1/2-1/2

[Event "Ogolnopolska Olimpiada Mlodziezy D-12"]
[Site "Spala"]
[Date "1899-12-30"]
[Round "8.1"]
[White "Kucharska, Honorata"]
[Black "Swiech, Joanna"]
[Result "1/2-1/2"]
[WhiteTitle "I"]
[BlackTitle "I"]
[WhiteElo "1722"]
[BlackElo "1598"]

1. d4 f5 2. Nf3 Nf6 3. c4 e6 4. Nc3 b6 5. e3 Bb7 6. Bd3 Bd6 7. h3 O-O 8. O-O Nc6
9. a3 Qe8 10. Nb5 Qg6 11. Nxd6 cxd6 12. Re1 Rac8 13. Bf1 Na5 14. c5 Bxf3 15. Qxf3
dxc5 16. dxc5 Nb3 17. Rb1 Rxc5 18. Qd1 Nxc1 19. Rxc1 Rfc8 20. Rxc5 Rxc5 21. b4
Rc7 22. Qd6 Ne8 23. Qd2 Qf6 24. Rc1 Qd8 25. a4 Rxc1 26. Qxc1 Qc7 27. Qd2 Nf6 28.
Bb5 Kf7 29. f3 Ke7 30. Qd4 Qd6 31. Qc3 Kf7 32. Bc4 Qd1+ 33. Kh2 Qxa4 34. b5 Qa5
35. Qc2 Qb4 36. Bf1 Qc5 37. Qd3 Ke7 38. Qb3 Nd5 39. e4 fxe4 40. fxe4 Nc3 41. Qb2
Kf8 42. Qd2 Nxb5 43. Qf4+ Ke8 44. Bxb5 Qxb5 45. Qb8+ Ke7 46. Qxa7 Qe5+ 47. Kh1
b5 48. Qa3+ Qd6 49. Qb2 Qg3 50. Qxb5 Qe1+ 51. Kh2 Qxe4 52. Qc5+ Kf6 53. Qf8+ Kg6
54. Qe8+ Kg5 55. Qe7+ Kh6 56. Qxd7 Qf4+ 57. Kg1 e5 58. Qd6+ g6 59. Kh1 Qf1+ 60.
Kh2 Qf4+ 61. Kh1 Qf5 62. Qd2+ Kg7 63. Qd6 Kh6 64. Qd2+ Qf4 65. Qd6 Qf1+ 66. Kh2
e4 67. Qd2+ 1/2-1/2

[Event "Ogolnopolska Olimpiada Mlodziezy D-12"]
[Site "Spala"]
[Date "1899-12-30"]
[Round "8.2"]
[White "Moscicka, Pola"]
[Black "Kalinowska, Zuzanna"]
[Result "1/2-1/2"]
[WhiteTitle "I"]
[BlackTitle "I"]
[WhiteElo "1568"]
[BlackElo "1542"]

1. d4 Nf6 2. c4 e6 3. Nf3 b6 4. Bg5 Bb7 5. e3 Be7 6. Nc3 d5 7. Rc1 Nbd7 8. Bd3
O-O 9. O-O h6 10. Bf4 c5 11. Nb5 Ne8 12. cxd5 Bxd5 13. dxc5 Bxc5 14. Bb1 a6 15.
Qd3 Ndf6 16. Nbd4 Be4 17. Qe2 Bxb1 18. Rxb1 Nd5 19. Bg3 Nef6 20. Rfd1 Qc8 21.
Rbc1 Qb7 22. Nb3 Ne4 23. Nxc5 Nxc5 24. Bd6 Rfc8 25. Bxc5 Rxc5 26. Rxc5 bxc5 27.
Rc1 Rb8 28. b3 Qb6 29. Ne5 Rc8 30. h3 Nb4 31. Nd3 Qb5 32. Rd1 Kf8 33. a4 Qb7 34.
Rc1 Nxd3 35. Qxd3 Ke7 36. Qc3 f6 37. Qc4 Kd7 38. Rc3 Qb6 39. Qd3+ Qd6 40. Qc2
Kc6 41. b4 Kb6 42. a5+ Kb7 43. bxc5 Qc6 44. Qb3+ Ka8 45. Qb4 Rb8 46. Qd4 Rb1+
47. Kh2 Qc7+ 48. Qd6 Qxa5 49. Rd3 Rb5 50. Qc6+ Rb7 51. Rd6 Ka7 52. Rxe6 Qc7+ 53.
f4 Qxc6 54. Rxc6 a5 55. Rd6 Rc7 56. Rd5 Ka6 57. e4 a4 58. e5 fxe5 59. fxe5 Kb5
60. e6 Re7 61. Re5 a3 62. Re2 Kxc5 63. Re4 1/2-1/2

[Event "Ogolnopolska Olimpiada Mlodziezy D-12"]
[Site "Spala"]
[Date "1899-12-30"]
[Round "8.3"]
[White "Karlyk, Maria"]
[Black "Harazinska, Magdalena"]
[Result "0-1"]
[WhiteTitle "I"]
[BlackTitle "I"]
[WhiteElo "1440"]
[BlackElo "1618"]

1. e4 c5 2. Nf3 e6 3. d4 cxd4 4. Nxd4 Qb6 5. Nb3 a6 6. Bd3 Qc7 7. O-O Nf6 8. Nc3
b5 9. a3 Bb7 10. Bd2 d6 11. f4 Nbd7 12. Qe1 Be7 13. Qg3 O-O 14. Rae1 e5 15. f5
Kh8 16. Bg5 Nh5 17. Qh4 Bxg5 18. Qxh5 Be7 19. Kh1 Nf6 20. Qe2 h6 21. Nd2 Rac8
22. Rf3 Rg8 23. Rh3 Nh7 24. Qh5 Bg5 25. Qe2 Qe7 26. Rf1 Rce8 27. Nf3 Bf6 28. Rh5
d5 29. Re1 d4 30. Nd1 Rc8 31. c3 dxc3 32. Nxc3 Rgd8 33. Rd1 Ng5 34. Nxg5 Bxg5
35. Rf1 Rd4 36. Rf3 Rcd8 37. Qf1 Qd7 38. Rhh3 Bf6 39. g4 Qe7 40. Rh5 R8d7 41.
Rhh3 Qd8 42. Qe2 Bg5 43. Qf1 Bxe4 44. Nxe4 Rxe4 45. Rh5 Red4 46. f6 Rxd3 47. fxg7+
Kxg7 48. Rxd3 Rxd3 0-1

[Event "Ogolnopolska Olimpiada Mlodziezy D-12"]
[Site "Spala"]
[Date "1899-12-30"]
[Round "8.4"]
[White "Rudzinska, Michalina"]
[Black "Koruch, Maria"]
[Result "1-0"]
[WhiteTitle "I"]
[BlackTitle "II"]
[WhiteElo "1544"]
[BlackElo "1362"]

1. e4 c5 2. Nf3 Nc6 3. d4 cxd4 4. Nxd4 Nf6 5. Nc3 e5 6. Ndb5 d6 7. a4 a6 8. Na3
Be6 9. Bg5 Rc8 10. Bc4 Nb4 11. Bxf6 Qxf6 12. Bxe6 fxe6 13. O-O Be7 14. Ne2 O-O
15. c3 Nc6 16. Qd3 Rcd8 17. Rad1 d5 18. exd5 exd5 19. Nc2 Bc5 20. Ne3 Ne7 21.
b4 Ba7 22. c4 d4 23. Nc2 Qe6 24. Ng3 Nf5 25. Nxf5 Rxf5 26. Rfe1 Qf6 27. Ne3 Rh5
28. Nd5 Qh6 29. h3 Rd7 30. Re4 b5 31. axb5 axb5 32. Ne3 Qg6 33. cxb5 Rxh3 34.
Qc4+ Rf7 35. Rxe5 Bc5 36. Qxc5 Rh4 37. Re8+ Rf8 38. Rxf8# 1-0

[Event "Ogolnopolska Olimpiada Mlodziezy D-12"]
[Site "Spala"]
[Date "1899-12-30"]
[Round "8.5"]
[White "Waszczuk, Patrycja"]
[Black "Bilczewska, Olga"]
[Result "1-0"]
[WhiteTitle "I"]
[BlackTitle "II"]
[WhiteElo "1474"]
[BlackElo "1252"]

1. e4 d5 2. exd5 Nf6 3. Nc3 Nxd5 4. d4 Nc6 5. Bb5 Nxc3 6. bxc3 Bd7 7. Nf3 e6 8.
Bf4 Be7 9. O-O O-O 10. Rb1 Rb8 11. Bd3 Bd6 12. Qd2 Ne7 13. Bxd6 cxd6 14. Ng5 Ng6
15. h4 h6 16. Bxg6 hxg5 17. Bd3 gxh4 18. Qf4 Qe7 19. Rfe1 Rfc8 20. Qe4 f5 21.
Qxf5 exf5 22. Rxe7 Rd8 23. Bc4+ Kh8 24. Bd5 b6 25. c4 Rbc8 26. Rb3 g5 27. Rbe3
f4 28. Ra3 Bf5 29. Raxa7 Bxc2 30. Rg7 Bf5 31. Rxg5 Bd7 32. Rh5+ Kg7 33. Rxh4 Kf8
34. Rxf4+ Ke8 35. Rf6 Ke7 36. Re6+ Kf8 37. Rxd6 Ke8 38. Rxb6 Bg4 39. Rg6 Bd7 40.
Rg8+ Ke7 41. Rxd8 Rxd8 42. Bc6 1-0

[Event "Ogolnopolska Olimpiada Mlodziezy D-12"]
[Site "Spala"]
[Date "1899-12-30"]
[Round "8.6"]
[White "Kaniowska, Anna"]
[Black "Kulpa, Zuzanna"]
[Result "1-0"]
[WhiteTitle "II"]
[BlackTitle "II+"]
[WhiteElo "1336"]
[BlackElo "1425"]

1. d4 Nc6 2. c4 e5 3. d5 Nce7 4. Nf3 Ng6 5. Nc3 Nf6 6. e3 Bb4 7. Bd2 O-O 8. a3
Bxc3 9. Bxc3 d6 10. Be2 Nd7 11. O-O Nc5 12. b4 Ne4 13. Bb2 f5 14. Nd2 Nf6 15.
Qc2 e4 16. Nb3 Nd7 17. Nd4 Nb8 18. Qc3 Rf7 19. f3 Qg5 20. fxe4 Nh4 21. g3 fxe4
22. Rxf7 Kxf7 23. Rf1+ Kg8 24. Kh1 Nf3 25. Bxf3 exf3 26. Rxf3 Na6 27. Nf5 Bxf5
28. Rxf5 Qg6 29. e4 Re8 30. Qf3 c5 31. b5 Nb8 32. h4 h6 33. h5 Qh7 34. Rf7 Kh8
35. Rxb7 Qxe4 36. Qxe4 Rxe4 37. Rxb8+ Kh7 38. Rf8 Re2 39. Bc3 Re3 40. Bd2 Rxa3
41. Bf4 Ra1+ 42. Kh2 Ra2+ 43. Kh3 Rc2 44. Bxd6 Rxc4 45. Rf7 Kg8 46. Rxa7 Rb4 47.
Bxc5 Rxb5 48. Rc7 Rb8 49. Be7 Kf7 50. Bd6+ Kf6 51. Rxg7 Rb5 52. Rg6+ Kf7 53. Rxh6
1-0

[Event "Ogolnopolska Olimpiada Mlodziezy D-12"]
[Site "Spala"]
[Date "1899-12-30"]
[Round "8.7"]
[White "Poreba, Weronika"]
[Black "Lascar, Maria Elena"]
[Result "1-0"]
[WhiteTitle "I"]
[BlackTitle "II+"]
[WhiteElo "1414"]
[BlackElo "1299"]

1. e4 c5 2. Nf3 a6 3. d4 cxd4 4. Nxd4 Nf6 5. Bd3 e5 6. Nb3 d5 7. Qe2 Nc6 8. O-O
Be7 9. exd5 Nxd5 10. Be4 f5 11. Rd1 fxe4 12. Qxe4 Be6 13. c4 O-O 14. cxd5 Bf5
15. Qc4 Kh8 16. Nc3 Nb4 17. Be3 Rc8 18. Qe2 Nc2 19. Rac1 Nxe3 20. fxe3 Qd7 21.
Rf1 Bg4 22. Qd2 Rcd8 23. e4 h6 24. Qd3 Bg5 25. Rc2 Rxf1+ 26. Qxf1 Qd6 27. Kh1
Rf8 28. Rf2 Rxf2 29. Qxf2 Kg8 30. Kg1 Bd8 31. Kh1 b5 32. a3 b4 33. axb4 Qxb4 34.
Qc2 Bb6 35. h3 Bd7 36. Nd2 Qd4 37. Nf3 Qe3 38. Qe2 Qc1+ 39. Kh2 Bb5 40. Qd2 Qxd2
41. Nxd2 Bd4 42. Nxb5 axb5 43. b3 g5 44. Nf3 Ba1 45. Kg1 Kf7 46. Kf2 Kf6 47. Nd2
Bc3 48. Ke2 Ke7 49. Nb1 Bb2 50. Kd3 Kd6 51. Nc3 Kc5 52. Ne2 Kd6 53. Ng3 Kd7 54.
Nf5 h5 55. Ng7 h4 56. Ne6 Bc1 57. Kc3 Kd6 58. Kb4 Bd2+ 59. Kxb5 Be3 60. b4 Bd2
61. Nc5 Kc7 62. Nd3 Bc3 63. Kc4 Bd4 64. Nc5 Be3 65. Ne6+ Kd7 66. Kb5 Bd2 67. Nc5+
Kd6 68. Nd3 Be3 69. Nxe5 Kxe5 70. Kc6 Bf4 71. b5 Kxe4 72. d6 Bxd6 73. Kxd6 Kf4
74. b6 Kg3 75. b7 Kxg2 76. b8=Q Kxh3 77. Qb3+ Kh2 78. Qf3 h3 79. Qg4 Kh1 80. Qxh3+
Kg1 81. Qg4+ Kf2 82. Qxg5 1-0

[Event "Ogolnopolska Olimpiada Mlodziezy D-12"]
[Site "Spala"]
[Date "1899-12-30"]
[Round "8.8"]
[White "Malicka, Maria"]
[Black "Czarniecka, Aleksandra"]
[Result "1/2-1/2"]
[WhiteTitle "I"]
[BlackTitle "I"]
[WhiteElo "1408"]
[BlackElo "1247"]

1. e4 c5 2. Nf3 d6 3. d4 cxd4 4. Nxd4 Nf6 5. Nc3 a6 6. Be2 Nbd7 7. f4 e6 8. Be3
b5 9. Bf3 Bb7 10. a3 Qc7 11. Nb3 Be7 12. O-O Nb6 13. Na5 d5 14. Nxb7 Qxb7 15.
Bxb6 Qxb6+ 16. Kh1 dxe4 17. Nxe4 Nd5 18. Qc1 O-O 19. Nc3 Rad8 20. Nxd5 exd5 21.
Qe1 Bf6 22. Qb4 Qc7 23. Qb3 Qxf4 24. Bxd5 Qe5 25. Rad1 Rde8 26. c3 Rb8 27. Rde1
Qc7 28. Re3 Rbd8 29. Rfe1 Kh8 30. Bf3 Rc8 31. Be4 g6 32. Bd5 Bg7 33. Rf3 f5 34.
Rfe3 Bf6 35. Re6 Rcd8 36. Bf3 Rd6 37. Rxd6 Qxd6 38. Qd1 Qc7 39. Re6 Be5 40. h3
Rd8 41. Qe2 Bg3 42. Rxa6 Qf4 43. Kg1 Qc1+ 44. Qf1 Bh2+ 45. Kf2 Bg3+ 46. Kg1 Qe3+
47. Kh1 Re8 48. Ra8 Rxa8 49. Bxa8 Qd2 50. Bc6 Qxb2 51. Bxb5 Qxa3 52. c4 Qe3 53.
Qa1+ Qe5 54. Qxe5+ Bxe5 55. Kg1 Kg7 56. Kf2 Kf6 1/2-1/2

[Event "Ogolnopolska Olimpiada Mlodziezy D-12"]
[Site "Spala"]
[Date "1899-12-30"]
[Round "8.9"]
[White "Tarka, Aleksandra"]
[Black "Wolagiewicz, Kinga"]
[Result "1/2-1/2"]
[WhiteTitle "II+"]
[BlackTitle "I"]
[WhiteElo "1349"]
[BlackElo "1373"]

1. e4 c6 2. d4 g6 3. Nc3 d5 4. Bf4 dxe4 5. Nxe4 Bg7 6. c3 Nd7 7. Nf3 Ngf6 8. Ng3
Nd5 9. Qd2 N7f6 10. Be5 Bg4 11. Be2 O-O 12. O-O Bxf3 13. Bxf3 e6 14. Ne4 Nxe4
15. Bxe4 Bxe5 16. dxe5 Qh4 17. Bxd5 cxd5 18. Qd4 Qe7 19. f4 Rfc8 20. Rac1 Rc4
21. Qe3 Qc7 22. a3 Re4 23. Qf2 Qc6 24. Rfe1 Rc4 25. Qe3 Qa4 26. Rf1 Rac8 27. Rcd1
Re4 28. Qd2 Rcc4 29. g3 Rc8 30. Rde1 Rec4 31. Rd1 Qb5 32. Rb1 Re4 33. Rfe1 Qb6+
34. Qf2 Rxe1+ 35. Rxe1 Qxf2+ 36. Kxf2 Kf8 37. Rd1 Rc4 38. Rd4 Rxd4 39. cxd4 Ke7
40. Ke3 Kd7 41. Kd3 Kc6 42. Kc3 a6 43. b4 b6 44. a4 a5 45. b5+ Kd7 46. Kd3 Ke7
47. Ke3 f6 48. Kf3 f5 49. g4 Kf7 50. g5 Kg7 51. h4 h6 52. Kg3 hxg5 53. hxg5 Kh7
1/2-1/2

[Event "Ogolnopolska Olimpiada Mlodziezy D-12"]
[Site "Spala"]
[Date "1899-12-30"]
[Round "8.10"]
[White "Budkiewicz, Magdalena"]
[Black "Tomczak, Marta"]
[Result "0-1"]
[WhiteTitle "II+"]
[BlackTitle "II"]
[WhiteElo "1280"]
[BlackElo "1284"]

1. e4 c5 2. Nf3 Nc6 3. d4 cxd4 4. Nxd4 Nf6 5. Nc3 d6 6. f3 e5 7. Nb3 Be7 8. Be3
O-O 9. Qd2 Be6 10. Nd5 Bxd5 11. exd5 Nb8 12. Be2 Nbd7 13. c4 b6 14. O-O Nc5 15.
Nxc5 bxc5 16. a3 Nd7 17. b4 Qc7 18. Rfb1 a5 19. Bd3 f5 20. b5 f4 21. Bf2 Qb6 22.
a4 g6 23. Rd1 Bf6 24. Rab1 Bg7 25. Qe1 Nf6 26. Be4 Kh8 27. Bh4 Ng8 28. Bg5 Bf6
29. Bxf6+ Nxf6 30. Rdc1 Nxe4 31. Qxe4 Rab8 32. Rf1 Qd8 33. Qe1 Qf6 34. b6 Rfe8
35. Qxa5 e4 36. fxe4 Qd4+ 37. Kh1 Qxc4 38. Rxf4 Ra8 39. Qb5 Qxb5 40. axb5 Rab8
41. h3 Kg7 42. Ra1 Rxb6 43. Ra7+ Kh6 44. Rh4+ Kg5 45. Rg4+ Kf6 46. Rxh7 Rxb5 47.
Rf4+ Ke5 48. Rf1 c4 49. Rg7 c3 50. Rc7 Rc5 51. Rxc5 dxc5 52. Rd1 Rb8 53. d6 c2
54. Rg1 Kxd6 55. Kh2 Rb1 0-1

[Event "Ogolnopolska Olimpiada Mlodziezy D-12"]
[Site "Spala"]
[Date "1899-12-30"]
[Round "8.11"]
[White "Pyzio, Amelia"]
[Black "Michalska, Aleksandra"]
[Result "1-0"]
[WhiteTitle "II+"]
[BlackTitle "II"]
[WhiteElo "1346"]
[BlackElo "1266"]

1. e4 e5 2. Nf3 Nc6 3. Bb5 a6 4. Ba4 Nf6 5. d3 Bc5 6. O-O b5 7. Bb3 O-O 8. h3 h6
9. c3 d6 10. Re1 Bb7 11. Nbd2 Bb6 12. Nf1 Ne7 13. Ne3 Ng6 14. Nh2 c6 15. Nhg4
Nxg4 16. Qxg4 Qg5 17. Qxg5 hxg5 18. Nf5 Bc5 19. Bxg5 Kh7 20. a3 f6 21. Be3 Bxe3
22. fxe3 Rad8 23. Rf1 d5 24. exd5 cxd5 25. Rac1 Rfe8 26. Bd1 Ne7 27. Bg4 Nxf5
28. Bxf5+ g6 29. Bg4 f5 30. Bf3 e4 31. dxe4 dxe4 32. Bd1 Rd3 33. Re1 Red8 34.
Bc2 Rd2 35. Red1 Rxd1+ 36. Rxd1 Rxd1+ 37. Bxd1 Bd5 38. Kf2 Kg7 39. Kg3 Kf6 40.
h4 Bc4 41. Kf4 Bd5 42. a4 Bc4 43. axb5 axb5 44. g3 Bd5 45. Be2 Bc6 46. b4 Ke6
47. Kg5 Kf7 48. c4 bxc4 49. Bxc4+ Kg7 50. Ba6 Bd5 51. Bb5 Kf7 52. Ba4 Bb7 53.
b5 Kg7 54. b6 Ba8 55. Be8 Bb7 56. Bxg6 Bc6 57. Bxf5 Ba8 58. Bc8 Bc6 59. b7 Bxb7
60. Bxb7 Kf7 61. Bxe4 Kg7 62. Bg6 Kf8 63. Kf6 Kg8 64. e4 Kf8 65. e5 Kg8 66. e6
Kf8 67. e7+ Kg8 68. e8=Q# 1-0

[Event "Ogolnopolska Olimpiada Mlodziezy D-12"]
[Site "Spala"]
[Date "1899-12-30"]
[Round "8.12"]
[White "Raczykowska, Paulina"]
[Black "Jarocka, Liwia"]
[Result "0-1"]
[WhiteTitle "II+"]
[BlackTitle "I"]
[WhiteElo "1228"]
[BlackElo "1341"]

1. e4 e5 2. Nf3 Nc6 3. Bb5 a6 4. Ba4 Nge7 5. d3 g6 6. c3 Bg7 7. Nbd2 O-O 8. O-O
d6 9. Re1 h6 10. Nf1 Kh7 11. h3 f5 12. exf5 Nxf5 13. Ne3 b5 14. Bc2 Nce7 15. Nf1
Bb7 16. N1d2 Nc8 17. Ne4 Nb6 18. Bb3 Nh4 19. Nfg5+ hxg5 20. Bxg5 Qd7 21. Bxh4
Qc6 22. Qg4 Rf4 23. Ng5+ Kh8 24. Nf7+ Kh7 25. Qg3 Rf8 26. Nd8 Qxg2+ 27. Qxg2 Bxg2
28. Ne6 Bxh3 29. Nxf8+ Rxf8 30. Bg3 g5 31. Re3 g4 32. Re4 Nd7 33. Bc2 Nf6 34.
Re2 Kh6 35. Rd1 Rf7 36. d4 exd4 37. cxd4 Nh5 38. Re6+ Nf6 39. Bd3 Kh5 40. Bf1
Nh7 41. Bxh3 gxh3 42. Re4 Ng5 43. Rh4+ Kg6 44. Rg4 Kh5 45. Kh2 0-1

[Event "Ogolnopolska Olimpiada Mlodziezy D-12"]
[Site "Spala"]
[Date "1899-12-30"]
[Round "8.13"]
[White "Choinska, Debora"]
[Black "Orlik, Sandra"]
[Result "1-0"]
[WhiteTitle "II"]
[BlackTitle "II"]
[WhiteElo "1297"]
[BlackElo "1298"]

1. e4 e5 2. Nf3 Nc6 3. Bc4 Nf6 4. d3 Be7 5. O-O O-O 6. c3 d6 7. Bb3 a6 8. h3 Na5
9. Bc2 b5 10. Be3 c5 11. b4 cxb4 12. cxb4 Nc6 13. a3 Bb7 14. Nc3 Qc7 15. Ne2 d5
16. Ng3 Rfd8 17. Bb3 dxe4 18. Bxf7+ Kf8 19. Ng5 Bc8 20. Ne6+ Bxe6 21. Bxe6 Qd6
22. Bf5 exd3 23. Ne4 Nxe4 24. Bxe4 Rac8 25. Qf3+ Qf6 26. Qxf6+ Bxf6 27. Rad1 Ne7
28. Bb6 Rd7 29. Bc5 Rcd8 30. Bf5 Rb7 31. Rxd3 Rxd3 32. Bxd3 Rd7 33. Bxh7 Kf7 34.
Be4 Bg5 35. g3 Ng6 36. Kg2 Rd2 37. Bb1 Ne7 38. Re1 Ke6 39. Be3 Bxe3 40. Rxe3 Nd5
41. Rf3 Nf6 42. Re3 Rb2 43. Bg6 Nd5 44. Rf3 Nf6 45. Re3 Kd5 46. Bf7+ Kd4 47. Bg6
e4 48. g4 Nd5 49. Rxe4+ Kc3 50. Bf7 Rd2 51. Bxd5 Rxd5 52. Re6 Rd2 53. Rxa6 Kb3
54. Ra5 Rd5 55. f3 g5 56. Kg3 Kc4 57. h4 gxh4+ 58. Kxh4 1-0

[Event "Ogolnopolska Olimpiada Mlodziezy D-12"]
[Site "Spala"]
[Date "1899-12-30"]
[Round "8.14"]
[White "Lukaszewska, Magdalena"]
[Black "Hryn, Zofia"]
[Result "1/2-1/2"]
[WhiteTitle "II"]
[BlackTitle "II"]
[WhiteElo "1190"]
[BlackElo "1327"]

1. e4 c5 2. Nc3 a6 3. Nf3 d6 4. d4 cxd4 5. Nxd4 Nf6 6. g3 e6 7. Bg2 Be7 8. O-O
O-O 9. Be3 Nc6 10. Nxc6 bxc6 11. Rb1 Rb8 12. Qd2 Qc7 13. h3 Rd8 14. f4 a5 15.
Qf2 Ba6 16. Rfd1 Rb7 17. b3 Rc8 18. Ne2 Ra8 19. c4 a4 20. Rdc1 Rab8 21. Nd4 c5
22. e5 cxd4 23. Bxb7 dxe3 24. Qxe3 Rxb7 25. exf6 Bxf6 26. Kh2 axb3 27. axb3 h6
28. c5 dxc5 29. Rxc5 Qd6 30. Rc8+ Kh7 31. Rbc1 Qb4 32. Ra8 Qb6 33. Qf3 Rb8 34.
Rxb8 Qxb8 35. Qe4+ g6 36. Qc2 Qb6 37. Rb1 Qd4 38. Rd1 Qe3 39. b4 Qe2+ 40. Qxe2
Bxe2 41. Rd7 Kg7 42. Rd2 Bb5 43. Rc2 Ba4 44. Rc8 Be7 45. Rb8 Bd6 46. Rb6 Be7 47.
b5 Bc2 48. Rc6 Be4 49. Rc3 Bd6 50. b6 Bb7 1/2-1/2

[Event "Ogolnopolska Olimpiada Mlodziezy D-12"]
[Site "Spala"]
[Date "1899-12-30"]
[Round "8.16"]
[White "Kawecka, Malgorzata"]
[Black "Wagner, Klaudia"]
[Result "1-0"]
[WhiteTitle "II+"]
[BlackTitle "II"]
[WhiteElo "1238"]
[BlackElo "1271"]

1. e4 c5 2. Nf3 e6 3. d4 d5 4. exd5 exd5 5. dxc5 Bxc5 6. Bd3 Ne7 7. O-O h6 8. Nc3
O-O 9. Bf4 Nbc6 10. a3 a6 11. Qd2 f5 12. h3 Rf6 13. Rad1 Be6 14. Ne2 Bd6 15. Ned4
Qd7 16. Nxe6 Rxe6 17. c4 Rf6 18. Bxd6 Rxd6 19. cxd5 Nxd5 20. Bc4 Rd8 21. Qc2 Kh8
22. Bxd5 Rxd5 23. Rxd5 Qxd5 24. Re1 Qd3 25. Qxd3 Rxd3 26. Re8+ Kh7 27. Kh2 Rb3
28. Re2 Na5 29. Nd4 Rb6 30. Nxf5 Nc4 31. Re7 Rxb2 32. Rxg7+ Kh8 33. Rc7 Nxa3 34.
Nxh6 Rxf2 35. Rxb7 Nc4 36. Ng4 Ra2 37. h4 Nd6 38. Ra7 Nf5 39. h5 Nh4 40. Ne3 Re2
41. Ra8+ Kh7 42. Kh3 Rxe3+ 43. Kxh4 Re4+ 44. g4 Ra4 45. Ra7+ Kh6 46. Ra8 Ra1 47.
g5+ Kg7 48. Ra7+ Kh8 49. g6 Ra5 50. h6 Rd5 51. Ra8+ Rd8 52. Rxd8# 1-0

[Event "Ogolnopolska Olimpiada Mlodziezy D-12"]
[Site "Spala"]
[Date "1899-12-30"]
[Round "8.17"]
[White "Filipska, Maja"]
[Black "Mytych, Wiktoria"]
[Result "1/2-1/2"]
[WhiteTitle "I"]
[BlackTitle "II"]
[WhiteElo "1241"]
[BlackElo "1109"]

1. e4 c6 2. d4 d5 3. exd5 cxd5 4. Bd3 Nf6 5. Nf3 Bg4 6. Bf4 Nbd7 7. Nc3 e6 8. O-O
Be7 9. h3 Bh5 10. Re1 O-O 11. g4 Bg6 12. Bxg6 hxg6 13. Ne5 Nxe5 14. Bxe5 Bd6 15.
Qf3 Bxe5 16. Rxe5 Nd7 17. Re3 Rb8 18. Qg3 Qb6 19. Rb1 Qxd4 20. Rd3 Qe5 21. Qxe5
Nxe5 22. Re3 Nc4 23. Re2 a6 24. b3 Nd6 25. Rd1 b5 26. f3 Rbc8 27. Rd3 Rc6 28.
Nd1 Rfc8 29. Ne3 Kf8 30. Rdd2 Ke7 31. Nxd5+ Kf8 32. Nb4 Rb6 33. Rd4 a5 34. Nd3
Ne8 35. Ne5 Rb7 36. Rd7 Rxd7 37. Nxd7+ Ke7 38. Ne5 Nd6 39. Kf1 Rc3 40. Kf2 b4
1/2-1/2

[Event "Ogolnopolska Olimpiada Mlodziezy D-12"]
[Site "Spala"]
[Date "1899-12-30"]
[Round "8.18"]
[White "Hryn, Aleksandra"]
[Black "Skiba, Aleksandra"]
[Result "1-0"]
[WhiteTitle "II+"]
[BlackTitle "II"]
[WhiteElo "1277"]
[BlackElo "1214"]

1. e4 e6 2. d4 d5 3. Nd2 Nf6 4. e5 Nfd7 5. Bd3 c5 6. c3 Nc6 7. Ne2 cxd4 8. cxd4
f6 9. exf6 Nxf6 10. O-O Bd6 11. Nf3 O-O 12. Bf4 Bxf4 13. Nxf4 Ne4 14. Ne2 Ng5
15. Nxg5 Qxg5 16. Bc2 Nb4 17. a3 Nxc2 18. Qxc2 Qe7 19. Ng3 Rf7 20. Rac1 Qd7 21.
Rfe1 a5 22. Nf1 Rf8 23. Nd2 b6 24. Nf3 Ba6 25. Ng5 g6 26. Nxe6 Rfe8 27. Ng5 Rac8
28. Qd2 Rxc1 29. Rxc1 Qf5 30. Nf3 Re2 31. Qc3 g5 32. h3 h5 33. Qc7 Qf6 34. Qb8+
Kh7 35. Qa7+ Kh6 36. Qxa6 Rxb2 37. Qc8 Qf4 38. Rc6+ Kg7 39. Rc7+ Kf6 40. Qf8+
Ke6 41. Qh6+ Kf5 42. Rf7+ Ke4 43. Rxf4+ gxf4 44. Qxh5 Rb1+ 45. Kh2 Rf1 46. Nd2+
Kxd4 47. Nxf1 Kd3 48. Qf3+ Kc4 49. Qxf4+ d4 50. Kg3 b5 51. Qc1+ Kd5 52. Nd2 b4
53. axb4 axb4 54. Qc4+ Kd6 55. Qxd4+ Kc6 56. Qxb4 Kc7 57. Qb5 Kc8 58. Qb6 Kd7
59. Kf4 Ke7 60. Qc6 1-0

[Event "Ogolnopolska Olimpiada Mlodziezy D-12"]
[Site "Spala"]
[Date "1899-12-30"]
[Round "8.19"]
[White "Nowicka, Julia"]
[Black "Tamon, Agata"]
[Result "1-0"]
[WhiteTitle "II"]
[BlackTitle "II"]
[WhiteElo "1218"]
[BlackElo "1056"]

1. e4 e5 2. Nf3 Nc6 3. d4 exd4 4. Nxd4 Bc5 5. Be3 Qf6 6. c3 Nge7 7. Bc4 O-O 8.
O-O Bb6 9. f4 Nxd4 10. Bxd4 Bxd4+ 11. cxd4 d6 12. Nc3 c6 13. Rc1 Be6 14. Be2 Rfe8
15. Qd2 Nc8 16. Rce1 Nb6 17. b3 Rac8 18. Bd1 Bd7 19. Be2 Qg6 20. f5 Qf6 21. Bf3
Kh8 22. Rd1 Kg8 23. Rfe1 Kh8 24. Qf4 Kg8 25. Ne2 g6 26. Ng3 h5 27. e5 dxe5 28.
dxe5 Qg7 29. Bxh5 g5 30. Qe4 Red8 31. Bf3 Qf8 32. Qe3 f6 33. e6 Re8 34. Qd3 Rc7
35. exd7 Rxe1+ 36. Rxe1 Rxd7 37. Qe3 Rd8 38. Nh5 Qf7 39. Qe6 Qxe6 40. fxe6 Na8
41. e7 Re8 42. Nxf6+ Kf7 43. Nxe8 Kxe8 44. Bh5+ Kd7 45. e8=Q+ Kd6 46. Qxa8 a6
47. Qxb7 a5 48. Rd1+ Ke6 49. Qd7+ Ke5 50. Re1+ 1-0